| 000 | 00796cam a2200193 4500 | ||
|---|---|---|---|
| 001 | WB3915-02 | ||
| 008 | 030424n2003 000 0 eng u | ||
| 035 | _a(Sirsi) u122086 | ||
| 245 | _aNHBC launches building near trees guidelines | ||
| 260 | _c2003 | ||
| 490 |
_aNHBC News Release _v 3 April 2003 (1) |
||
| 520 | _aThe National House Building Council has revised the "Building near trees" standard, which incorporates the latest research into soil and ground engineering. It will be effective from 1 July 2003. Further information is available from t +44 (0)1494 735363 http://www.nhbc.co.uk/index3.asp?page=press&subs=current&col=blue2 | ||
| 590 | _aWB | ||
| 650 | _aTREES | ||
| 650 | _aSOIL ENGINEERING | ||
| 650 | _aGROUND ENGINEERING | ||
| 690 | _aBUILT ENVIRONMENT | ||
| 942 | _n0 | ||
| 999 |
_c72543 _d72543 |
||